000 00478 a2200121 4500
001 ART_44813
005 20260410162024.0
008 260409a
245 1 0 _aNuevos enfoques sobre las cuentas nacionales de transferencias para la política fiscal, los programas sociales y las transferencias familiares de los países
100 1 _aMason, Andrew
700 1 _aLee, Ronald
773 0 _tNotas de población
_g- Año XXXVII, Nº 90 (ene./jun. 2010)
_wREV41841
999 _c33372
_d33372